| 000 | 00803nam a22001937a 4500 | ||
|---|---|---|---|
| 005 | 20240506150126.0 | ||
| 010 | _aHIN-127480 | ||
| 020 |
_a9789350027813 _c350.00 |
||
| 035 | _aHN-99826 | ||
| 037 | _bDBAD | ||
| 082 | _a338.1 | ||
| 100 |
_aभादुडी, अमित _965781 |
||
| 245 |
_aकिसान आंदोलन: _cबदलाव की राजनीति का उभरता चेहरा/ _bअमित भादुडी |
||
| 250 | _aप्रथम | ||
| 260 |
_aदिल्ली _bआकार बुक्स _c2022 |
||
| 270 |
_a28 ई, पॉकेट IV, मयूर विहार फेज़ I _bदिल्ली _e110091 |
||
| 300 |
_a120पृ. _c22सेमी(सजिल्द) |
||
| 942 |
_2ddc _cHN _h338.1 _mभादुडी |
||
| 999 |
_c202333 _d202333 |
||